| 000 | 00915nam a2200265 a 4500 | ||
|---|---|---|---|
| 001 | 58736 | ||
| 003 | BD-RjUL | ||
| 005 | 20211209080643.0 | ||
| 008 | 161219s1996 bg b 00100 eng d | ||
| 020 | _a9840513273 | ||
| 035 | _a(BD-RjUL)58860 | ||
| 035 | _a1592864 | ||
| 040 |
_aANL _beng _cANL _dBD-RjUL |
||
| 041 | _aeng | ||
| 082 | 0 | 4 |
_a338.90952 _223 _bRAJ 1996 |
| 100 | 1 |
_aRahman, Mushtafizur _9174593 |
|
| 245 | 1 | 4 |
_aThe Japanese strategy : _bJapan's development strategy as a lesson or a threat to global economic order / _cMustafizur Rahman. |
| 260 |
_aBangladesh : _bUniversity Press Limited, _c1996. |
||
| 300 |
_axvii, 186 p. ; _c22 cm. |
||
| 504 | _aIncludes index and Bibliograpgy: p. 177-181. | ||
| 650 | 0 |
_aEconomic development _xSocial aspects _zJapan. _9174594 |
|
| 651 | 0 |
_aJapan _xEconomic conditions _y20th century. _9174595 |
|
| 651 | 0 |
_aJapan _xEconomic conditions. _9173504 |
|
| 942 |
_2ddc _cBK |
||
| 999 |
_c58736 _d58736 |
||